LEADER 01173nam a2200265 i 4500 001 000000157921 003 CaOOAMICUS 005 20070516000000.0 008 070516s1958 it u000 u lat u 013 $a135284 040 $aSeMil$bita 100 1 $aLivius, Titus,$d<59 a.C.-17.d.C.>.$0(OLS)http://semarc/name/3415 245 10$aLibri 21.-25. 260 $aOxonii :$bE Typographeo Clarendoniano,$c1958. 300 $a1 v. 490 0 $aScriptorum classicorum bibliotheca Oxoniensis 700 1 $aSeymour Conway, Robertus.$0(OLS)http://semarc/name/8111 700 1 $aFlamstead Walters, Carolus.$0(OLS)http://semarc/name/8112 773 0 $aLivius, Titus <59 a.C.-17.d.C.>$tTiti Livi Ab urbe condita libri.$dOxonii : E Typographeo Clarendoniano, 1958-$g3$w()17827 830 0$aScriptorum classicorum bibliotheca Oxoniensis.$0(OLS)http://semarc/title/23159 850 $aSeMil 852 $aSeMil$W1$xVenegono$y1$m1X III 187$j109595$B109595$CSeMilBibl$Z2$F123300 $81 961 $aOmaggio: De Grandi don Marcello 996 $6245$aLibri 21.-25$9(OLS)http://semarc/title/231695 996 $6260$aOxonii :$bE Typographeo Clarendoniano$9(OLS)http://semarc/publisher/30099 LEADER 00893nam a2200217 i 4500 001 000000108213 003 CaOOAMICUS 005 20101110000000.0 008 101110s2003 it u000 u ita u 013 $a80852 040 $aSeMil$bita 100 1 $aPirovano, Massimo <1972>.$0(OLS)http://semarc/name/90922 245 10$aSant'Antonio abate :$bla festa a Brivio e la devozione diffusa /$cMassimo Pirovano. 260 $aBrivio :$bComune di Brivio,$c2003. 300 $a79 p. :$bill. ;$c24 cm. 650 4$aBrivio.$0(OLS)http://semarc/subject/19058 850 $aSeMil 852 $aSeMil$W1$xVenegono$y1$m3P IV 342$j64309$B64309$CSeMilBibl$Z2$F157741 $81 961 $aOmaggio: Conti don Ermenegildo 996 $6245$aSant'Antonio abate :$bla festa a Brivio e la devozione diffusa$9(OLS)http://semarc/title/156856 996 $6260$aBrivio :$bComune di Brivio$9(OLS)http://semarc/publisher/44963 LEADER 00625nab a2200169 i 4500 001 000000310691 003 CaOOAMICUS 005 20180831173018.0 008 180831n xx uu u0 0und r 013 $a19782 040 $aSeMil$bita 100 0 $aLeo XIII,$c.$0(OLS)http://semarc/name/553 245 10$aSugli studi della Sacra Scrittura. Enciclica (18 novembre 1893, (trad. it.) 773 0 $t[Gennaio-Luglio].$g96-112$w()274034 900 0 $aLeone XIII$c. 996 $6245$aSugli studi della Sacra Scrittura. Enciclica (18 novembre 1893, (trad. it.)$9(OLS)http://semarc/title/385424